El ascenso de Geras. Seguridad en la atencin̤ del anciano hospitalizado

Bibliographic Details
Main Author: Gonzl̀ez Lp̤ez, Francisco
Format: Book
Language:Spanish
Published: Colombia Editorial Universidad de Rosario (Colombia) 2012
Subjects:
Online Access:Acceso restringido

MARC

LEADER 00000nam a22000007a 4500
005 20151217104753.0
007 cr|||| ||u|
008 151217s2012 ck ||||| |||| 00||0 spa d
020 |a 978-958-738-242-6 
035 |a 12975 
040 |a vLex 
090 |c 5745  |d 5745 
100 1 |a Gonzl̀ez Lp̤ez, Francisco 
245 1 3 |a El ascenso de Geras. Seguridad en la atencin̤ del anciano hospitalizado  |h [Recurso electrn̤ico] /  |c Francisco Gonzl̀ez Lp̤ez  
256 |a Servicio en ln̕ea 
260 |a Colombia   |b Editorial Universidad de Rosario (Colombia)  |c 2012 
300 |a 1 recurso electrn̤ico (174 Pg̀inas) 
506 1 |a Contenido solo disponible en los productos indicados  |d vLex Global  |d vLex Global (Academic Edition, excluding Law Schools)  |d vLex Global (U.S. Academic Edition, Law Schools)  |d vLex Global (U.S. Academic Edition, excluding Law Schools)  |d vLex Global (Academic Edition, Law Schools) 
650 0 4 |a Personas grandes  |z Colombia  
740 0 |a vLex libros (servicio en ln̕ea)  
856 4 0 |u http://vlex.com/source/ascenso-geras-seguridad-atencion-anciano-hospitalizado-12975  |z Acceso restringido  
942 |c BOOK 
999 0 |a Older people